[Event "Charleroi op 4th"]
[Site "Charleroi"]
[Date "2005.08.03"]
[Round "6"]
[White "Detraux, Denis"]
[Black "Dewinck, Bernard"]
[Result "1-0"]
[WhiteElo "1573"]
[BlackElo "1764"]
[PlyCount "47"]
[EventDate "2005.07.30"]
[EventType "swiss"]
[EventRounds "9"]
[EventCountry "BEL"]
[SourceTitle "EXT 2006"]
[Source "ChessBase"]
[SourceDate "2005.11.24"]
[SourceVersion "1"]
[SourceVersionDate "2005.11.24"]
[SourceQuality "1"]

1. e4 e5 2. f4 exf4 3. Bc4 d6 4. Nf3 g5 5. h4 Be7 6. hxg5 Bxg5 7. d4 Bg4 8. Qd3 f6 9. g3 fxg3 10. Nxg5 fxg5 11. Qxg3 h5 12. Qxg4 hxg4 13. Rxh8 Qe7 14. Rxg8+ Kd7 15. Nc3 Qh7 16. Bxg5 Qh1+ 17. Bf1 g3 18. 0-0-0 g2 19. Bxg2 Qxg2 20. Rg7+ Ke8 21. Nd5 Kf8 22. Bh6 Qh3 23. Rh7+ Kg8 24. Nf6# 1-0